000 00764nam a2200229Ia 4500
001 15828
003 GE_BSU
008 181216s||||||||xx |||||||||||||| ||und||
040 _cGE_BSU
080 _a821.353.1-32
100 _aცომაია, ლეილა
245 _aგადაარჩინეთ ადამიანი
245 _bმოთხრობები
245 _cრედ.მიმოზა ძიძიგური. მხ. დ.ბერძენიშვილი
260 _aთბილისი
260 _bმერანი
260 _c1990
300 _a152გვ. ; 20სმ
653 _aგადაარჩინეთ ადამიანი
653 _aმოთხრობები
942 _cBK
999 _c48925
_d48925